000 00522nam a2200181Ia 4500
008 230917s9999||||xx |||||||||||||| ||und||
020 _cRS 445.00
040 _e5006610
_aMAIN
041 _aEnglish
082 _a294.538 P192H(2)
100 _aPandey, Rajbali
245 0 _aHindu Samskaras: Socio religious study of the Hindu sacramants
250 _a2nd ed.
260 _aDelhi
_bMotilal Banarsidass Publishers
_c2018
300 _a327 p.
500 _a4302 05/01/2022 HBD22/9186 15/01/2022 Main Budget
942 _cBK
999 _c4050
_d4050